书目信息 |
| 题名: |
低卡料理家
|
|
| 作者: | 陈珊珊 著 | |
| 分册: | ||
| 出版信息: | 北京 电子工业出版社 2016 |
|
| 页数: | 263页 | |
| 开本: | 23cm | |
| 丛书名: | ||
| 单 册: | ||
| 中图分类: | TS972.164 | |
| 科图分类: | ||
| 主题词: | 女性--保健--食谱 | |
| 电子资源: | ||
| ISBN: | 978-7-121-27368-1 | |
| 000 | 00958nam0 2200241 450 | |
| 001 | 3634 | |
| 005 | 20160927091004.67 | |
| 010 | @a978-7-121-27368-1@b平装@dCNY59.80 | |
| 100 | @a20160402d2016 ekmy0chiy0120 ea | |
| 101 | 0 | @achi |
| 102 | @aCN@b110000 | |
| 105 | @aa z 000yy | |
| 200 | 1 | @a低卡料理家@dDifferent food journey@zeng@f陈珊珊(Tella)著 |
| 210 | @a北京@c电子工业出版社@d2016 | |
| 215 | @a263页@c图@d23cm | |
| 300 | @a豆果美食家 | |
| 330 | @a本书是作者通过一日三餐的搭配,精心搭配出的40套套餐,近120道早中晚的美食及饮品搭配,包括营养早餐,丰富的午餐,及精致的晚餐,每一道菜及套餐均配有详细的卡路里计算,除此以外,作者以”早餐三杯水”著称”三杯水姐”,通过每天早上不同的3种水搭配,能有效调理女性身体机能,这一部分会在书中得到完整的呈现。 | |
| 510 | 1 | @aDifferent food journey@zeng |
| 606 | 0 | @a女性@x保健@x食谱 |
| 690 | @aTS972.164@v5 | |
| 701 | 0 | @a陈珊珊@4著 |
| 801 | 0 | @aCN@b唐山师范学院图书馆@c20151001 |
| 905 | @aZUCC@dTS972.164@e413 | |
| 低卡料理家=Different food journey/陈珊珊(Tella)著.-北京:电子工业出版社,2016 |
| 263页:图;23cm |
| 豆果美食家 |
| ISBN 978-7-121-27368-1(平装):CNY59.80 |
| 本书是作者通过一日三餐的搭配,精心搭配出的40套套餐,近120道早中晚的美食及饮品搭配,包括营养早餐,丰富的午餐,及精致的晚餐,每一道菜及套餐均配有详细的卡路里计算,除此以外,作者以”早餐三杯水”著称”三杯水姐”,通过每天早上不同的3种水搭配,能有效调理女性身体机能,这一部分会在书中得到完整的呈现。 |
| ● |
| 相关链接 |
|
|
|
|
正题名:低卡料理家
索取号:TS972.164/413
 
预约/预借
| 序号 | 登录号 | 条形码 | 馆藏地/架位号 | 状态 | 备注 |
| 1 | 905997 | 209059971 | 第二样本阅览室/ [索取号:TS972.164/413] | 在馆 | |
| 2 | 905998 | 209059980 | 第三借阅区/ [索取号:TS972.164/413] | 在馆 | |
| 3 | 905999 | 209059999 | 第三借阅区/ [索取号:TS972.164/413] | 在馆 | |
| 4 | 906000 | 209060004 | 第三借阅区/ [索取号:TS972.164/413] | 在馆 |